Musique par lettre - F - Statistiques

Statistiques générales
  • Ce quiz a été pris 253 fois
  • Le résultat moyen est 11 sur 20
Statistiques - réponses
Questions Réponses % Correct
Quelle chanson de Stromae dit :" Tu étais ________, j'étais fort minable" ? Formidable
100%
Quel chanteur français, auteur de "Comme d'habitude" est mort électrocuté en Mars 1978 ? Claude François
91%
Quelle chanteuse québécoise a interprété "Désenchantée" et "Libertine" ? Mylène Farmer
87%
Quel groupe mené par Michaël Youn a pour titre phare : " Fous ta cagoule" ? Fatal Bazooka
78%
Quel tube de K-Maro contient les paroles :"Donne-moi ton coeur baby" ? Femme Like You
77%
Quel chanteur cubain est l'auteur de "Despacito" et "Echamé la Culpa" ? Luis Fonsi
68%
Quelle chanson de Cookie Dingler évoque une personne qu'il ne faut pas "laisser tomber" ? Femme Libérée
66%
Quelle chanson de Katy Perry évoque une flamme intérieure, la confiance en soi ? Firework
60%
Quel chanteur français, a chanté "Que tu reviennes" et "Toutes les peines" ? Patrick Fiori
54%
Quel rappeur des années 1990-2000 est surnommé le "Petit Prince du Raï" notamment auteur de la chanson "Tellement N'Brick" ? Faudel
50%
Quel rappeur, de son vrai nom Sofiane Zermani, a chanté "Mon p'tit loup" en 2017 ? Fianso
47%
Quelle chanson d'Alphaville évoque la jeunesse, le temps qui passe, la peur de l'avenir ? Forever Young
45%
Quelle chanson d'Alan Walker signifie "Pâle, terne ou encore fade" ? Faded
43%
Qui a interprété "Une belle histoire", également leader du Big Bazar ? Michel Fugain
41%
Quel chanteur italo-belge a chanté "Je t'aime à l'italienne" en 1985 ? Frédéric François
39%
Quelle chanson d'Al Bano et Romina Power signifie bonheur en italien ? Felicita
37%
Quelle chanson de Fernandel raconte une conquête amoureuse qui vire au désastre, en dénigrant une femme ? Félicie aussi
31%
Quel chanteur français a chanté "Joue pas" aux côtes de Joniece Jamison ? François Feldman
31%
Quelle chanson de Jean-Luc Lahaye contient les paroles : Femme, simplement je te dis que je t'aime" ? Femme que j'aime
23%
Quelle chanson de Serge Lama dépeint une soirée mondaine parisienne ? Femme, Femme, Femme
18%
Aucun quiz correspondant
Distribution des résultats
% des personnes avec chaque résultat
Percentile par nombre de réponses
Votre historique - résultats
Vous n’avez pas pris ce quiz